000 02985cam a22006134i 4500
003 PE-LiUPU
005 20250731165618.0
008 150616s1982 enka r 000 0 eng d
035 _a(Sirsi) a5508
035 _a(Sirsi) a5508
040 _aPE-LiUPU
_bspa
_cPE-LiUPU
_erda
049 _aPRUA
082 0 4 _a220.344
_bD32
_221
100 1 _aDavidson, Benjamin,
_eautor.
245 1 4 _aThe analytical hebrew and chaldee lexicon :
_balphabetic arrangement of every word and inflection in the old Testament scriptures, precisely as they occur in the sacred text, with a grammatical analysis of each word and lexicographical illustration of the meanings /
_cBenjamin Davidson.
264 1 _aLondres :
_bSamuel Bagster and Sons Limited,
_c1982.
300 _a753 páginas :
_bilustraciones ;
_c23 centimetros
336 _atext
_2rdacontent
337 _aunmediated
_2rdamedia
338 _avolume
_2rdacarrier
505 0 _aGrammatical observations, with tables of paradigms of the hebrew language -- Of the chaldee language -- The analytical hebrew and chaldee lexicon.
526 _aSEG44
526 _aSEG26
526 _aP151
526 _aP150
526 _aP149
526 _aP146
526 _aP145
526 _aP126
526 _aP125
526 _aP92
526 _aP75
526 _aP74
526 _aP27
526 _aP15
650 1 4 _aHebreo bíblico
_vDiccionarios de inglés.
650 1 4 _aInglés
_vDiccionarios hebreo.
650 2 4 _aHebreo
_xInflección.
650 2 4 _aArameo
_xInflección.
910 _ajck
_bjvq
_cjck
910 _ajck
_bjvq
_cjck
_d20170529
910 _adbm
_bncf
_cncf
_d20190604
942 _2ddc
_cBOOK
949 _aRC 220.344 D32
_wDEWEY
_c1
_i22638
_lRC
_mBUL
_r0
_sY
_tBOOK
_u2015-6-16
_xTEOLOGIA
_zUNKNOWN
_0COMPRA
_o.CIRCNOTE. No olvidar cambiar la fecha de devolución!!!!!!!
_o.STAFF. Colección General
949 _aRC 220.344 D32
_wDEWEY
_c2
_i07820
_lRC
_mBUL
_r0
_sY
_tBOOK
_u2015-6-16
_xTEOLOGIA
_zUNKNOWN
_0COMPRA
_o.CIRCNOTE. No olvidar cambiar la fecha de devolución!!!!!!!
_o.STAFF. Colección General
994 _aC0
_bPEPRU
596 _a1
999 _aRC 220.344 D32
_wDEWEY
_c56544
_i22638
_d56544
_f2021-11-8
_g6
_lCCODEBUL1
_mBUL
_q2
_r1
_sY
_tBOOK
_u2015-6-16
_xTEOLOGIA
_zUNKNOWN
_0COMPRA
_o.CIRCNOTE. No olvidar cambiar la fecha de devolución!!!!!!!
_o.STAFF. Colección General
999 _aRC 220.344 D32
_wDEWEY
_c2
_i07820
_d2018-5-22
_e2016-3-23
_f2021-11-8
_g7
_lCCODEBUL1
_mBUL
_n2
_p31.95
_q1
_r0
_sY
_tBOOK
_u2015-6-16
_xTEOLOGIA
_PP35
_0COMPRA
_o.CIRCNOTE. No olvidar cambiar la fecha de devolución!!!!!!!
_o.STAFF. Colección Teología
999 _aRC 220.344 D32
_wDEWEY
_c3
_i75903
_f2021-11-8
_g4
_lCCODEBUL1
_mBUL
_p25.00
_r1
_sY
_tBOOK
_u2017-5-29
_xTEOLOGIA
_PP85
_0COMPRA
_o.STAFF. Colección Teología
980 _81
_gALBERTO SANCHEZ Responsable de Automatización